00719nam a2200181 a 450000100100000000500170001000800410002704000250006808200150009311000830010824500960019125000160028726000750030330000200037804900090039895201130040799900170052000001587720200929164203.0100222s1936 dr 000 0 spa d aDO-SdBNPbspacBNPHU axxxbP967r1 aRepública Dominicana.bSecretaría de Estado de Relaciones Exteriores9225610aProtocolo de revisión del tratado de fronteras dominico-haitiano del 21 de enero de 1929. aed. oficial aCiudad Trujillo, República Dominicana :bJ. R. Vda. García,c1936. a16 p. ;c24 cm. aBNPD 0010718PDaPDbPDcCTd2010-02-22iLF1l0oxxx P967rp15877-10r2020-06-25w2020-06-25yLFPDZNo se presta c15419d15419